A beginner's guide to Japan : observations and ... Read More
Available copies
- 1 of 1 copy available at LARL/NWRL Consortium. (Show)
- 1 of 1 copy available at Northwest Regional Library.
Current holds
0 current holds with 1 total copy.
Show Only Available Copies
| Location | Call Number / Copy Notes | Barcode | Shelving Location | Status | Due Date |
|---|---|---|---|---|---|
| Godel Memorial-Warren Library | 952.05 IYE (Text) | 35500006215659 | Main | Available | - |
Record details
- ISBN: 9780451493958
- ISBN: 0451493958
- Physical Description: ix, 223 pages ; 20 cm
- Edition: First edition.
- Publisher: New York : Alfred A. Knopf, 2019.
Content descriptions
| Formatted Contents Note: | On the streets -- At the counter -- In the temple ... Read More |
Search for related items by subject
| Subject: | Iyer, Pico > Travel > Japan. Japan > Description and travel. Japan > Social life and customs. Japan > History > 21st century. National characteristics, Japanese. |
| Genre: | Travel writing. |
| LDR | 01306cam a22003858i 4500 | ||
|---|---|---|---|
| 001 | 329071 | ||
| 003 | LARL_NWRL_CONSORTIUM | ||
| 005 | 20190912143723.0 | ||
| 008 | 180814s2019 nyu 000 0deng | ||
| 010 | . | ‡a2018038539 | |
| 019 | . | ‡a1078884399 | |
| 020 | . | ‡a9780451493958 ‡q(hardcover) | |
| 020 | . | ‡a0451493958 ‡q(hardcover) | |
| 035 | . | ‡a(OCoLC)1049576033 ‡z(OCoLC)1078884399 | |
| 040 | . | ‡aDLC ‡beng ‡erda ‡cDLC ‡dOCLCF ‡dYDX ‡dBDX ‡dGK8 ‡dOCL ‡dSNR ‡dGZD | |
| 042 | . | ‡apcc | |
| 043 | . | ‡aa-ja--- | |
| 082 | 0 | 0. | ‡a952.05 ‡223 |
| 092 | . | ‡a915.2 ‡bI97 | |
| 100 | 1 | . | ‡aIyer, Pico, ‡eauthor. ‡0(LARL_NWRL_CONSORTIUM)80267 |
| 245 | 1 | 2. | ‡aA beginner's guide to Japan : ‡bobservations and provocations / ‡cby Pico Iyer. |
| 250 | . | ‡aFirst edition. | |
| 264 | 1. | ‡aNew York : ‡bAlfred A. Knopf, ‡c2019. | |
| 300 | . | ‡aix, 223 pages ; ‡c20 cm | |
| 336 | . | ‡atext ‡btxt ‡2rdacontent | |
| 337 | . | ‡aunmediated ‡bn ‡2rdamedia | |
| 338 | . | ‡avolume ‡bnc ‡2rdacarrier | |
| 505 | 0 | . | ‡aOn the streets -- At the counter -- In the temple -- Behind closed doors -- Out the window -- On the horizon. |
| 600 | 1 | 0. | ‡aIyer, Pico ‡xTravel ‡zJapan. |
| 651 | 0. | ‡aJapan ‡xDescription and travel. ‡0(LARL_NWRL_CONSORTIUM)23611 | |
| 651 | 0. | ‡aJapan ‡xSocial life and customs. ‡0(LARL_NWRL_CONSORTIUM)23648 | |
| 651 | 0. | ‡aJapan ‡xHistory ‡y21st century. | |
| 650 | 0. | ‡aNational characteristics, Japanese. | |
| 655 | 7. | ‡aTravel writing. ‡2lcgft | |
| 901 | . | ‡a329071 ‡b ‡c329071 ‡tbiblio | |

Add to basket
Permalink
Disable Highlighting